[Event "FRA-ch U20"]
[Site "Europe Echecs INT"]
[Date "2020.07.12"]
[Round "2"]
[White "Lemiere, Maxence"]
[Black "Dhennin, Tanguy"]
[Result "1-0"]
[WhiteElo "1618"]
[BlackElo "1160"]
[PlyCount "67"]
[EventDate "2020.07.12"]
[EventType "swiss (rapid)"]
[EventRounds "9"]
[EventCountry "FRA"]
[SourceTitle "EXT 2021"]
[Source "ChessBase"]
[SourceDate "2020.10.23"]
[SourceVersion "1"]
[SourceVersionDate "2020.10.23"]
[SourceQuality "1"]

1. e4 d5 2. exd5 Nf6 3. Nc3 Bf5 4. Nf3 Nxd5 5. Nxd5 Qxd5 6. d3 Bg4 7. Be2 Nc6 8. 0-0 Qh5 9. Bf4 0-0-0 10. h3 Be6 11. Ne5 Qf5 12. Nxc6 bxc6 13. Bh2 Bd5 14. Bg4 Qxg4 15. Qxg4+ Be6 16. Qf4 Rd7 17. Qa4 Kb8 18. Qxc6 f6 19. Qxe6 Rd8 20. Qb3+ Kc8 21. Qc4 Rd7 22. Rae1 e5 23. Qa6+ Kd8 24. Qxa7 Bd6 25. Qb8+ Ke7 26. Qxh8 Rd8 27. Qxg7+ Ke8 28. f4 Bf8 29. Qxf6 Be7 30. Qxe5 Rd7 31. f5 h5 32. f6 Kf7 33. fxe7+ Kg8 34. e8Q+ 1-0